Countries you can fly to from Frankfurt Airport (FRA) - Statistics

General Stats
  • This quiz has been taken 43 times
  • The average score is 83 of 95
Answers on the Map
Answers color-coded by a green-red scale on the quiz's map according to % correct below.
 
Answer Stats
Number of destinations Country % Correct
4 Austria
100%
2 Brazil
100%
5 Canada
100%
12 France
100%
12 Germany
100%
18 Italy
100%
1 Netherlands
100%
8 Poland
100%
1 Romania
100%
1 Serbia
100%
19 Spain
100%
2 Sweden
100%
14 Turkey
100%
8 United Kingdom
100%
26 United States
100%
1 Argentina
97%
1 Belgium
97%
3 Bulgaria
97%
8 China
97%
6 Croatia
97%
2 Denmark
97%
4 Egypt
97%
17 Greece
97%
5 India
97%
3 Ireland
97%
2 Japan
97%
3 Mexico
97%
8 Norway
97%
5 Portugal
97%
3 Saudi Arabia
97%
1 Slovenia
97%
2 United Arab Emirates
97%
1 Albania
93%
1 Czechia
93%
1 Estonia
93%
5 Finland
93%
1 Hungary
93%
1 Latvia
93%
1 Lithuania
93%
4 Morocco
93%
1 Qatar
93%
2 South Africa
93%
3 Switzerland
93%
3 Tunisia
93%
4 Dominican Republic
90%
1 Iceland
90%
1 Israel
90%
1 Kosovo
90%
1 Malta
90%
1 North Macedonia
90%
1 Panama
90%
1 South Korea
90%
2 Thailand
90%
2 Vietnam
90%
1 Algeria
87%
1 Bosnia and Herzegovina
87%
1 Colombia
87%
1 Costa Rica
87%
2 Cuba
87%
1 Cyprus
87%
1 Jordan
87%
1 Kuwait
87%
1 Moldova
87%
2 Montenegro
87%
2 Nigeria
87%
1 Oman
87%
1 Singapore
87%
1 Azerbaijan
83%
1 Bahrain
83%
1 Georgia
83%
1 Iran
83%
1 Iraq
83%
3 Kazakhstan
83%
1 Luxembourg
83%
1 Malaysia
83%
1 Armenia
80%
1 Lebanon
80%
1 Namibia
80%
1 Taiwan
80%
1 Jamaica
77%
1 Tanzania
77%
2 Kenya
73%
2 Uzbekistan
73%
1 Ethiopia
70%
1 Maldives
70%
1 Sri Lanka
70%
1 Turkmenistan
70%
1 Angola
67%
2 Cabo Verde
60%
1 Mongolia
60%
1 Mauritius
57%
1 Barbados
53%
1 Seychelles
53%
1 Trinidad and Tobago
50%
1 Antigua and Barbuda
43%
No matching quizzes found
Score Distribution
Percent of People with Each Score
Percentile by Number Answered
Your Score History
You have not taken this quiz